| 000 | 01349cam a22002535a 4500 | ||
|---|---|---|---|
| 001 | 017472734 | ||
| 003 | OSt | ||
| 005 | 20160503143643.0 | ||
| 008 | 150727t2016 maua frb 000|0 eng d | ||
| 020 | _z9780128021200 (pbk.) | ||
| 040 |
_aStDuBDS _beng _cStDuBDS _dUk _dEG-ScBUE _epn |
||
| 082 | 0 | 4 |
_a620.001171 _222 _bDOU |
| 100 | 1 |
_aDouglass, Bruce Powel. _934948 |
|
| 245 | 1 | 0 |
_aAgile systems engineering / _cBruce Powel Douglass. |
| 260 |
_aWaltham : _bMorgan Kaufmann / Elsevier, _cc.2016. |
||
| 300 |
_axxi, 429 p. : _bill. ; _c24 cm. |
||
| 500 | _aIndex : p. 419-429. | ||
| 504 | _aIncludes bibliographical references. | ||
| 505 | 0 | _a<ol> <ol><li>What is Model-Based Systems Engineering?</li> <p><li>What are Agile Methods and Why Should I Care? </li> <p><li>The importance of Agile methods</li> <p><li>Agile Stakeholder Requirements Engineering</li> <p><li>Agile Systems Requirements Definition and Analysis</li> <p><li>System Architectural Analysis and Trade Studies</li> <p><li>Agile Systems Architectural Design</li> <p><li>The Handoff to Downstream Engineering</li></ol> <p>Appendix A. T-Wrecks Stakeholder Requirements</p> <p>Appendix B. T-Wrecks System Requirements</p> <ol></ol></ol> | |
| 650 | 7 |
_aSystems engineering. _2BUEsh _93798 |
|
| 650 | 7 |
_aAgile software development. _2BUEsh _94807 |
|
| 653 |
_bCOMSCI _cMay2016 |
||
| 942 | _2ddc | ||
| 999 |
_c21691 _d21663 |
||